00426nam a22001457a 4500003000600000005001700006008004100023040000800064082001800072100002500090245005900115260004800174300002000222650003800242GBCCL20241126110519.0180122b xxu||||| |||| 00| 0 eng d cgbc a226.6007bVAN aVan Dooren, L. A. T. aPentecost: bDay of God's Power /cL. A. T. Van Dooren aEngland:bThe Latimer Publishing Co.,c1979 a176 p.;c22 cm. aBiblevNew TestamentvActsxStudy